000 00668nam a2200253Ia 4500
003 OSt
005 20220918230709.0
006 a|||||r|||| 00| 0
007 ta
008 220917b |||||||| |||| 00| 0 eng d
024 _a257,300
037 _cTextual
040 _aARTS
_cARTS
_beng
041 _2eng
_aeng
082 _aX:7D, K0
100 _aHoselitz Bert F
245 0 _aTheories of economic growth
260 _aIllinois
_bThe Free Press
_c1960
300 _a335p.
_ccm.
650 _aECONOMICS
700 _a Spengler Joseph J
_9138920
942 _hX:7D, K0
_cTEXL
_2CC
999 _c288695
_d288695